000 01106nmm a2200313 a 4500
001 ocm000659968
003 TR-IsHL
005 20201028141625.0
008 131226s2008 tu tur
007 cr cn
020 _a9789756392768
035 _a659968
_b(N$T)
050 0 4 _aPN4781
_b.K37 2008
090 0 4 _aPN4781
_b.K37 2008
100 1 _aKaptan, Ali
245 1 0 _aHaberciliğin temel kuralları ve röportaj teknikleri: radyo ve televizyon haberciliği
_h[electronic resource] /
_cAli Kaptan
260 _aİstanbul :
_bTürkmen Kitabevi,
_c2008
300 _a120 p.
650 4 _aMedya ve İletişim
650 4 _aCommunication & Media
650 0 _aKitle iletişim
_x El kitapları, vb.
650 0 _aMass media
_x Handbooks, manuals, etc.
650 0 _aGazetecilik
_x El kitapları, vb.
650 0 _aJournalism
_x Handbooks, manuals, etc.
650 0 _aTelevizyon yazarlığı
650 0 _aTelevision authorship
650 7 _aSOCIAL SCIENCE / Media Studies
_2bisacsh
856 4 0 _uhttp://search.ebscohost.com/login.aspx?direct=true&scope=site&db=e011xww&AN=659968
999 _c7916
_d7916